<?xml version="1.0" encoding="UTF-8"?>
<collection xmlns:xsi="http://www.w3.org/2001/XMLSchema-instance" xsi:schemaLocation="http://www.loc.gov/MARC21/slim http://www.loc.gov/standards/marcxml/schema/MARC21slim.xsd" xmlns="http://www.loc.gov/MARC21/slim">
 <record>
  <leader>00000nam a22000004a 4500</leader>
  <controlfield tag="001">UP-8027390931311349581</controlfield>
  <controlfield tag="003">Buklod</controlfield>
  <controlfield tag="005">20241202143303.0</controlfield>
  <controlfield tag="006">m    |o  d |      </controlfield>
  <controlfield tag="007">ta</controlfield>
  <controlfield tag="008">241202s2024    ph      r    |||| u|eng d</controlfield>
  <datafield tag="040" ind1=" " ind2=" ">
   <subfield code="a">DCFA</subfield>
   <subfield code="e">rda</subfield>
  </datafield>
  <datafield tag="041" ind1=" " ind2=" ">
   <subfield code="a">eng</subfield>
  </datafield>
  <datafield tag="090" ind1="0" ind2="0">
   <subfield code="a">LG 993.5 2024 F4</subfield>
   <subfield code="b">S27</subfield>
  </datafield>
  <datafield tag="100" ind1="1" ind2=" ">
   <subfield code="a">Sarmiento, Allana Marie O.L.</subfield>
   <subfield code="e">author</subfield>
  </datafield>
  <datafield tag="245" ind1="1" ind2="0">
   <subfield code="a">Sabay tayo</subfield>
   <subfield code="b">a proposed toolkit to promote simultaneous planting among farmers in Sitio St. Joseph, Cabiao, Nueva Ecija</subfield>
   <subfield code="c">Allana Marie O.L. Sarmiento ; Sandra Michelle Dans, adviser.</subfield>
  </datafield>
  <datafield tag="264" ind1=" " ind2="0">
   <subfield code="a">Quezon City</subfield>
   <subfield code="b">College of Fine Arts, University of the Philippines Diliman</subfield>
   <subfield code="c">2024</subfield>
  </datafield>
  <datafield tag="300" ind1=" " ind2=" ">
   <subfield code="a">78 leaves</subfield>
   <subfield code="b">color illustrations</subfield>
   <subfield code="c">28 cm</subfield>
  </datafield>
  <datafield tag="336" ind1=" " ind2=" ">
   <subfield code="a">text</subfield>
   <subfield code="2">rdacontent</subfield>
  </datafield>
  <datafield tag="337" ind1=" " ind2=" ">
   <subfield code="a">unmediated</subfield>
   <subfield code="2">rdamedia</subfield>
  </datafield>
  <datafield tag="338" ind1=" " ind2=" ">
   <subfield code="a">volume</subfield>
   <subfield code="2">rdacarrier</subfield>
  </datafield>
  <datafield tag="502" ind1=" " ind2=" ">
   <subfield code="a">Thesis (Bachelor of Fine Arts in Visual Communication)--University of the Philippines Diliman</subfield>
   <subfield code="d">June 2024</subfield>
  </datafield>
  <datafield tag="504" ind1=" " ind2=" ">
   <subfield code="a">Bibliography: leaves 55-57</subfield>
  </datafield>
  <datafield tag="506" ind1="0" ind2=" ">
   <subfield code="a">Thesis Classification: P - This thesis is not available to the public. Please ask the library for assistance.</subfield>
  </datafield>
  <datafield tag="520" ind1="3" ind2=" ">
   <subfield code="a">Rice is the most important crop in the Philippine agricultural sector playing a significant role in the food security, economy, employment, and overall sustainability It is globally recognized as an essential food and a major source of income for millions of Filipinos. Within the Philippines, Nueva Ecija, recognized as the nation's primary rice-producing province and referred to as the rice granary of the Philippines with 318,284 hectares of land area. Despite its prominent role, the province still faces challenges such as extreme weather events, diseases, and pest infestations, leading to crop damage and low yields. Farmers do not also have access to information and resources that would help them prevent the effects on rice production. An alternative approach is to support them through farmer's association or other collaborative initiatives aimed at improving farmers' well-being by enhancing productivity and increasing income. The study's purpose is to determine the various factors affecting the rice production of farmers in Sitio St. Joseph, Cabiao, Nueva Ecija, with the goal of developing a visual communication intervention in response.&#13;
&#13;
During the needs finding, the study revealed a problem within a rice production, where farmers lack coordination on planting schedules, shifting to individualistic farming practices and isolated decision-making. With this, the study aims to answer the question: &quot;How might we increase the coordination among the farmers from Sitio St. Joseph, Cabiao, Nueva Ecija on the simultaneous rice planting.&#13;
&#13;
The &quot;Sabay Tayo&quot; is a toolkit designed to promote a collaborative environment and provide farmers with information about the significance and benefits of simultaneous rice planting. It also functions as practical and legible which can help them develop plans, coordinate with farm neighbors, and schedule dates for planting and harvesting.</subfield>
  </datafield>
  <datafield tag="650" ind1=" " ind2="0">
   <subfield code="a">Farming.</subfield>
  </datafield>
  <datafield tag="650" ind1=" " ind2="0">
   <subfield code="a">Farming</subfield>
   <subfield code="x">Rice .</subfield>
  </datafield>
  <datafield tag="650" ind1=" " ind2="0">
   <subfield code="a">Rice</subfield>
   <subfield code="x">Planting.</subfield>
  </datafield>
  <datafield tag="700" ind1="1" ind2=" ">
   <subfield code="a">Dans, Sandra Michelle</subfield>
   <subfield code="e">thesis adviser.</subfield>
  </datafield>
  <datafield tag="905" ind1=" " ind2=" ">
   <subfield code="a">FI</subfield>
  </datafield>
  <datafield tag="905" ind1=" " ind2=" ">
   <subfield code="a">UP</subfield>
  </datafield>
  <datafield tag="852" ind1="0" ind2=" ">
   <subfield code="a">UPD</subfield>
   <subfield code="b">DCFA</subfield>
   <subfield code="h">LG 993.5 2024 F4</subfield>
   <subfield code="i">S27</subfield>
  </datafield>
  <datafield tag="942" ind1=" " ind2=" ">
   <subfield code="a">Thesis</subfield>
  </datafield>
 </record>
</collection>
